Score 0/17 Timer 05:00
0 Plays Today
Station % Correct
West Croydon
97%
East Croydon
93.9%
South Croydon
92.4%
Purley
84.8%
Thornton Heath
72.7%
Norwood Junction
71.2%
Purley Oaks
68.2%
Selhurst
68.2%
Sanderstead
63.6%
Station % Correct
Waddon
62.1%
Norbury
56.1%
Coulsdon South
54.5%
Coulsdon Town
53%
Kenley
50%
Reedham
43.9%
Riddlesdown
36.4%
Woodmansterne
28.8%

You're not logged in!

Compare scores with friends on all Sporcle quizzes.
OR
Log In

Sporcle TV

Today on Sporcle TV


Watch our educational content, quiz creation guides, and fun videos on Sporcle TV.

Show Comments

Extras

Top Quizzes Today


Score Distribution

Paid Content

Your Account Isn't Verified!

In order to create a playlist on Sporcle, you need to verify the email address you used during registration. Go to your Sporcle Settings to finish the process.

Report this User

Report this user for behavior that violates our Community Guidelines.

Details: